Technology foresight - aj ekonomická disciplína modernej prognostickej vedy

Funkcia technológie vo vzťahu k vede. Potreba predvídania účinných technologických smerov pri veľkej šírke možností si vo vyspelejších krajinách vyžiadala koncipovať prognostický obor technology foresight (predvídanie technológií). Technologické predvídanie sa snaží odvodzovať vývojové trendy z celk...

Descrizione completa

Salvato in:
Dettagli Bibliografici
Autore principale: Svatý, Fedor
Natura: Capitolo di libro
Lingua:slovacco
Soggetti:
Tags: Aggiungi Tag
Nessun Tag, puoi essere il primo ad aggiungerne!!

MARC

LEADER 00000naa$a2200000$$$4500
001 0018771
005 20230714114205.4
041 0 |a slo 
044 |a SK 
245 1 0 |a Technology foresight - aj ekonomická disciplína modernej prognostickej vedy  |c Fedor Svatý 
520 |a Funkcia technológie vo vzťahu k vede. Potreba predvídania účinných technologických smerov pri veľkej šírke možností si vo vyspelejších krajinách vyžiadala koncipovať prognostický obor technology foresight (predvídanie technológií). Technologické predvídanie sa snaží odvodzovať vývojové trendy z celkového evolučného vedomia, pričom používa i konvenčné metódy, prípadne paralelné prístupy, ako je napr. trasovanie evolučných ciest technológií. Dôležitosť zapojenia sa do aktivít technologického predvídania pre slovenskú ekonomiku. 
610 2 0 |a technológie nové 
610 2 0 |a predvídanie 
610 2 0 |a predvídanie vedecké 
610 2 0 |a predvídanie krátkodobé 
610 2 0 |a metódy prognostické 
100 1 |a Svatý, Fedor